| 000 | 00540nam a2200193 a 4500 | ||
|---|---|---|---|
| 005 | 20221006064446.0 | ||
| 008 | 991125s1968 bar 000 0 spa u | ||
| 035 | _aUPN01000045008 | ||
| 049 | _aCG | ||
| 050 | 4 | _aQB54 D6.68 | |
| 100 | 1 | _aDole, Stephen H. | |
| 245 | 1 | 0 |
_aPlanetas habitables / _cStephen H. Dole ; tr. Sebastián Estradé |
| 260 |
_aBarcelona : _bLabor, _c1968 |
||
| 300 |
_a201 p. : _bil. |
||
| 440 | 0 |
_aNueva colección Labor; _v69 |
|
| 650 | 7 |
_aVida en otros planetas _2 _98205 |
|
| 904 |
_aAC _b045010 |
||
| 905 | _aLibro | ||
| 999 |
_c45008 _d45008 |
||